[Event "Grischuk-Grachev m"]
[Site "Playchess.com INT"]
[Date "2006.12.25"]
[Round "?"]
[White "Grachev, Boris V"]
[Black "Grischuk, Alexander"]
[Result "1/2-1/2"]
[WhiteElo "2583"]
[BlackElo "2710"]
[PlyCount "56"]
[EventDate "2006.12.25"]
[EventType "match (blitz)"]
[EventRounds "11"]
[EventCountry "GER"]
[SourceTitle "EXT 2008"]
[Source "ChessBase"]
[SourceDate "2007.11.25"]
[SourceVersion "1"]
[SourceVersionDate "2007.11.25"]
[SourceQuality "1"]

1. d4 Nf6 2. c4 e6 3. Nc3 Bb4 4. Qc2 Nc6 5. Nf3 d6 6. e3 O-O 7. a3 Bxc3+ 8.
Qxc3 a5 9. b3 Re8 10. Bb2 e5 11. dxe5 dxe5 12. Be2 Bf5 13. Nd2 Nd4 14. exd4
exd4 15. Qxd4 Bd3 16. O-O Rxe2 17. Qc3 Rxd2 18. Qxd2 Bxf1 19. Qxd8+ Rxd8 20.
Bxf6 gxf6 21. Kxf1 Rd3 22. Rb1 Rd2 23. b4 a4 24. b5 Ra2 25. b6 c5 26. Rb5 Rxa3
27. Rxc5 Rb3 28. Ra5 Rxb6 1/2-1/2

[Event "Grischuk-Grachev m"]
[Site "Playchess.com INT"]
[Date "2006.12.25"]
[Round "?"]
[White "Grachev, Boris V"]
[Black "Grischuk, Alexander"]
[Result "1/2-1/2"]
[WhiteElo "2583"]
[BlackElo "2710"]
[PlyCount "60"]
[EventDate "2006.12.25"]
[EventType "match (blitz)"]
[EventRounds "11"]
[EventCountry "GER"]
[SourceTitle "EXT 2008"]
[Source "ChessBase"]
[SourceDate "2007.11.25"]
[SourceVersion "1"]
[SourceVersionDate "2007.11.25"]
[SourceQuality "1"]

1. d4 Nf6 2. Nf3 c5 3. e3 e6 4. c4 cxd4 5. exd4 d5 6. Nc3 Bb4 7. Bd3 dxc4 8.
Bxc4 O-O 9. O-O b6 10. Bg5 Bb7 11. Qd3 Nbd7 12. Rad1 Bxc3 13. bxc3 Qc7 14. Bb3
Ng4 15. d5 exd5 16. Bxd5 Nde5 17. Nxe5 Qxe5 18. Qg3 Qxg3 19. hxg3 Bxd5 20. Rxd5
h6 21. Bf4 Rfc8 22. Rd3 Rc4 23. Re1 Rac8 24. f3 Nf6 25. Re7 Rxc3 26. Rxc3 Rxc3
27. Rxa7 Nd5 28. Rd7 Nxf4 29. gxf4 Ra3 30. Rb7 Rxa2 1/2-1/2

[Event "Grischuk-Grachev m"]
[Site "Playchess.com INT"]
[Date "2006.12.25"]
[Round "?"]
[White "Grachev, Boris V"]
[Black "Grischuk, Alexander"]
[Result "1-0"]
[WhiteElo "2583"]
[BlackElo "2710"]
[PlyCount "109"]
[EventDate "2006.12.25"]
[EventType "match (blitz)"]
[EventRounds "11"]
[EventCountry "GER"]
[SourceTitle "EXT 2008"]
[Source "ChessBase"]
[SourceDate "2007.11.25"]
[SourceVersion "1"]
[SourceVersionDate "2007.11.25"]
[SourceQuality "1"]

1. d4 Nf6 2. c4 c5 3. d5 b5 4. Nd2 bxc4 5. e4 e6 6. dxe6 dxe6 7. Bxc4 Be7 8.
Ngf3 Bb7 9. e5 Nd5 10. O-O O-O 11. a3 Nc6 12. Ne4 Nb6 13. Bd3 c4 14. Bc2 Qxd1
15. Rxd1 Nd5 16. Bg5 f6 17. exf6 gxf6 18. Bh4 Rab8 19. Nc3 Na5 20. Bg3 Rbe8 21.
Ba4 Rd8 22. Nd4 Nxc3 23. bxc3 Bd5 24. Bc7 Nb3 25. Bxd8 Rxd8 26. Rab1 Nc5 27.
Bc6 Ne4 28. Bxd5 exd5 29. Nc6 Re8 30. Re1 Bc5 31. Kf1 Nd2+ 32. Kg1 Ne4 33. Rb2
Rc8 34. Nd4 Nxc3 35. Nf5 Ne4 36. Rb5 Kf8 37. Kf1 c3 38. f3 Nd2+ 39. Ke2 Nc4 40.
Kd3 c2 41. Rc1 Nxa3 42. Rb3 a5 43. Nd4 Bxd4 44. Kxd4 Rc4+ 45. Kxd5 Ra4 46. Ke6
Kg7 47. Kf5 Nc4 48. Rxc2 Nd6+ 49. Ke6 Rd4 50. Rc6 Ne8 51. Rb7+ Kg6 52. Ke7 Ng7
53. Rxf6+ Kh5 54. Rb5+ Kh4 55. Rh6+ 1-0

[Event "Grischuk-Grachev m"]
[Site "Playchess.com INT"]
[Date "2006.12.25"]
[Round "?"]
[White "Grachev, Boris V"]
[Black "Grischuk, Alexander"]
[Result "1-0"]
[WhiteElo "2583"]
[BlackElo "2710"]
[PlyCount "123"]
[EventDate "2006.12.25"]
[EventType "match (blitz)"]
[EventRounds "11"]
[EventCountry "GER"]
[SourceTitle "EXT 2008"]
[Source "ChessBase"]
[SourceDate "2007.11.25"]
[SourceVersion "1"]
[SourceVersionDate "2007.11.25"]
[SourceQuality "1"]

1. d4 Nf6 2. c4 g6 3. Nc3 d5 4. cxd5 Nxd5 5. e4 Nxc3 6. bxc3 Bg7 7. Nf3 c5 8.
h3 O-O 9. Be2 Nc6 10. Be3 Qa5 11. Bd2 e6 12. O-O cxd4 13. cxd4 Qd8 14. Be3 b6
15. Qd2 Bb7 16. Rad1 Ne7 17. Bd3 f5 18. Ng5 fxe4 19. Bc4 Bd5 20. Nxe6 Bxe6 21.
Bxe6+ Kh8 22. d5 Qd6 23. Bd4 Rad8 24. Bxg7+ Kxg7 25. Qd4+ Kh6 26. Qxe4 Qf4 27.
Qe2 Nf5 28. Rd3 Nd4 29. Qd1 Nb5 30. Rf3 Qc7 31. Rxf8 Rxf8 32. Qd2+ Qf4 33.
Qxf4+ Rxf4 34. Rc1 Ra4 35. Bd7 Ra5 36. Bxb5 Rxb5 37. Rd1 Rc5 38. d6 Rc8 39. d7
Rd8 40. Kh2 Kg7 41. Kg3 Kf6 42. Kf4 Ke6 43. Kg5 Rxd7 44. Re1+ Kd5 45. g4 Kc4
46. f4 b5 47. f5 gxf5 48. gxf5 a5 49. f6 b4 50. Rf1 Rf7 51. Kf5 a4 52. Ke6 Rf8
53. f7 b3 54. axb3+ axb3 55. Ke7 Ra8 56. f8=Q Rxf8 57. Kxf8 b2 58. Kg7 h5 59.
Kh6 h4 60. Kh5 Kd3 61. Kxh4 Ke2 62. Rb1 1-0

[Event "Grischuk-Grachev m"]
[Site "Playchess.com INT"]
[Date "2006.12.25"]
[Round "?"]
[White "Grischuk, Alexander"]
[Black "Grachev, Boris V"]
[Result "1-0"]
[WhiteElo "2710"]
[BlackElo "2581"]
[PlyCount "71"]
[EventDate "2006.12.25"]
[EventType "match (blitz)"]
[EventRounds "11"]
[EventCountry "GER"]
[SourceTitle "EXT 2008"]
[Source "ChessBase"]
[SourceDate "2007.11.25"]
[SourceVersion "1"]
[SourceVersionDate "2007.11.25"]
[SourceQuality "1"]

1. e4 c5 2. Nf3 d6 3. d4 cxd4 4. Nxd4 Nf6 5. Nc3 a6 6. Be3 e6 7. f3 b5 8. Qd2
Bb7 9. g4 Nc6 10. O-O-O Rc8 11. Kb1 Ne5 12. g5 Nfd7 13. Bd3 Be7 14. Rhg1 O-O
15. f4 Nc4 16. Qe2 Nxe3 17. Qxe3 Qb6 18. Nce2 e5 19. Qh3 exd4 20. Qxd7 Rc7 21.
Qh3 Re8 22. e5 g6 23. e6 Bf8 24. f5 fxe6 25. fxg6 e5 26. Qh5 Qc6 27. Rdf1 hxg6
28. Bxg6 Rec8 29. Rf7 Qxc2+ 30. Bxc2 Rxf7 31. g6 Rfc7 32. Bf5 d3 33. g7 Bxg7
34. Be6+ Kf8 35. Nc3 Rxc3 36. Qf7# 1-0

[Event "Grischuk-Grachev m"]
[Site "Playchess.com INT"]
[Date "2006.12.25"]
[Round "?"]
[White "Grischuk, Alexander"]
[Black "Grachev, Boris V"]
[Result "1-0"]
[WhiteElo "2710"]
[BlackElo "2581"]
[PlyCount "119"]
[EventDate "2006.12.25"]
[EventType "match (blitz)"]
[EventRounds "11"]
[EventCountry "GER"]
[SourceTitle "EXT 2008"]
[Source "ChessBase"]
[SourceDate "2007.11.25"]
[SourceVersion "1"]
[SourceVersionDate "2007.11.25"]
[SourceQuality "1"]

1. e4 c5 2. Nf3 d6 3. d4 cxd4 4. Nxd4 Nf6 5. Nc3 a6 6. Be3 e6 7. f3 b5 8. Qd2
Bb7 9. g4 Nfd7 10. O-O-O Nb6 11. Nb3 Nc6 12. Qf2 Nd7 13. Kb1 Be7 14. h4 O-O 15.
g5 Rc8 16. Rg1 Nce5 17. Bd4 Qc7 18. a3 Nc4 19. Bxc4 bxc4 20. Nc1 Rb8 21. Ka1
Qa5 22. N1a2 Bc6 23. f4 e5 24. Be3 exf4 25. Qxf4 Ne5 26. Bd4 Rb7 27. h5 Rfb8
28. Rb1 Ba4 29. Qf2 Bb3 30. h6 g6 31. Nd5 Bxa2 32. Kxa2 Bf8 33. Rg3 c3 34. Rxc3
Qa4 35. b3 Qa5 36. b4 Qa4 37. Rcb3 Rc8 38. c3 Qb5 39. Qf1 Qc6 40. Qe2 Ra8 41.
c4 Qxc4 42. Qxc4 Nxc4 43. Rc1 Ne5 44. Rbc3 Rbb8 45. Rc7 Ng4 46. Rf1 f5 47. gxf6
Ne5 48. f7+ Kh8 49. Bxe5+ dxe5 50. Nf6 a5 51. b5 Rxb5 52. Nd7 Rab8 53. Rf2 a4
54. Rfc2 Rb3 55. Nxf8 Rxf8 56. Rc8 Rb8 57. Rxb8 Rxb8 58. Rc5 Rf8 59. Rxe5 g5
60. Re8 1-0

[Event "Grischuk-Grachev m"]
[Site "Playchess.com INT"]
[Date "2006.12.25"]
[Round "?"]
[White "Grischuk, Alexander"]
[Black "Grachev, Boris V"]
[Result "0-1"]
[WhiteElo "2710"]
[BlackElo "2583"]
[PlyCount "54"]
[EventDate "2006.12.25"]
[EventType "match (blitz)"]
[EventRounds "11"]
[EventCountry "GER"]
[SourceTitle "EXT 2008"]
[Source "ChessBase"]
[SourceDate "2007.11.25"]
[SourceVersion "1"]
[SourceVersionDate "2007.11.25"]
[SourceQuality "1"]

1. e4 c5 2. Nf3 d6 3. d4 cxd4 4. Nxd4 e5 5. Bb5+ Bd7 6. Bxd7+ Qxd7 7. Ne2 Qg4
8. O-O Qxe4 9. Nbc3 Qc6 10. f4 Nd7 11. Ng3 Ngf6 12. Kh1 h5 13. h3 h4 14. Nf5 g6
15. Ne3 Nh5 16. Ned5 Ng3+ 17. Kh2 Nxf1+ 18. Qxf1 O-O-O 19. f5 Nb6 20. Nxb6+
axb6 21. fxg6 fxg6 22. Bg5 Rd7 23. a4 d5 24. a5 Bd6 25. axb6 e4+ 26. Bf4 Rf7
27. Ne2 Rhf8 0-1

[Event "Grischuk-Grachev m"]
[Site "Playchess.com INT"]
[Date "2006.12.25"]
[Round "?"]
[White "Grischuk, Alexander"]
[Black "Grachev, Boris V"]
[Result "1-0"]
[WhiteElo "2710"]
[BlackElo "2581"]
[PlyCount "119"]
[EventDate "2006.12.25"]
[EventType "match (blitz)"]
[EventRounds "11"]
[EventCountry "GER"]
[SourceTitle "EXT 2008"]
[Source "ChessBase"]
[SourceDate "2007.11.25"]
[SourceVersion "1"]
[SourceVersionDate "2007.11.25"]
[SourceQuality "1"]

1. e4 c5 2. Nf3 d6 3. d4 cxd4 4. Nxd4 Nf6 5. Nc3 a6 6. Bg5 Nc6 7. Qd2 e6 8.
O-O-O Nxd4 9. Qxd4 Be7 10. f4 b5 11. Bxf6 gxf6 12. Be2 Qc7 13. f5 Qc5 14. fxe6
fxe6 15. Qxc5 dxc5 16. Bh5+ Kf8 17. e5 f5 18. g4 Kg7 19. gxf5 exf5 20. Nd5 Bg5+
21. Kb1 Bb7 22. Rhg1 Kh6 23. Bf7 Rad8 24. Rd3 c4 25. Rh3+ Kg7 26. Rxg5+ Kxf7
27. Ne3 Ke6 28. Rxf5 Rd1+ 29. Nxd1 Kxf5 30. a4 h5 31. axb5 axb5 32. Nc3 Bc6 33.
Re3 Re8 34. Ne2 h4 35. e6 Be4 36. Nd4+ Kf4 37. Re1 b4 38. Kc1 c3 39. bxc3 bxc3
40. Ne2+ Kf3 41. Nxc3 Bf5 42. Nb5 Kf2 43. Re5 Bxe6 44. Nc7 Rc8 45. Nxe6 Re8 46.
Nf4 Rxe5 47. Nd3+ Kg2 48. Nxe5 Kxh2 49. Nf3+ Kg3 50. Nxh4 Kxh4 51. Kd2 Kg5 52.
Kd3 Kf6 53. Kd4 Ke6 54. Kc5 Kd7 55. Kb6 Kc8 56. Kc6 Kb8 57. c4 Kc8 58. c5 Kd8
59. Kb7 Kd7 60. c6+ 1-0

[Event "Grischuk-Grachev m"]
[Site "Playchess.com INT"]
[Date "2006.12.25"]
[Round "?"]
[White "Grischuk, Alexander"]
[Black "Grachev, Boris V"]
[Result "1/2-1/2"]
[WhiteElo "2710"]
[BlackElo "2581"]
[PlyCount "119"]
[EventDate "2006.12.25"]
[EventType "match (blitz)"]
[EventRounds "11"]
[EventCountry "GER"]
[SourceTitle "EXT 2008"]
[Source "ChessBase"]
[SourceDate "2007.11.25"]
[SourceVersion "1"]
[SourceVersionDate "2007.11.25"]
[SourceQuality "1"]

1. e4 c5 2. Nf3 d6 3. d4 cxd4 4. Nxd4 e5 5. Bb5+ Bd7 6. Bxd7+ Qxd7 7. Ne2 Nf6
8. Nbc3 Be7 9. Bg5 O-O 10. O-O Qe6 11. Bxf6 Bxf6 12. Nd5 Bd8 13. Qd3 Nc6 14.
Rad1 a6 15. Kh1 g6 16. c3 f5 17. exf5 gxf5 18. f4 e4 19. Qh3 Kh8 20. Ng3 Ne7
21. Nxe7 Bxe7 22. Ne2 Bf6 23. Qe3 Rad8 24. Rd2 Qxa2 25. Rfd1 Qb3 26. Nd4 Bxd4
27. Qxd4+ Kg8 28. Re1 d5 29. Re3 Rd6 30. Rg3+ Rg6 31. Qxd5+ Qxd5 32. Rxd5 Rxg3
33. hxg3 Kg7 34. Kg1 Kg6 35. Kf2 Rf6 36. g4 fxg4 37. Rg5+ Kf7 38. Rxg4 Rb6 39.
b4 Rc6 40. Rg3 Kf6 41. Rh3 Kf5 42. Rxh7 Kxf4 43. Rf7+ Ke5 44. Rxb7 Rxc3 45. Ra7
Rc2+ 46. Ke3 Rc3+ 47. Ke2 Rc2+ 48. Ke3 Rxg2 49. Rxa6 Rg3+ 50. Ke2 Rb3 51. Rb6
Rb2+ 52. Ke3 Rb3+ 53. Ke2 Kd4 54. Rd6+ Kc4 55. Re6 Kd5 56. Rb6 Rb2+ 57. Ke3
Rb3+ 58. Ke2 Rb2+ 59. Ke3 Rb3+ 60. Ke2 1/2-1/2

[Event "Grischuk-Melkumyan m"]
[Site "Playchess.com INT"]
[Date "2006.12.25"]
[Round "?"]
[White "Grischuk, Alexander"]
[Black "Melkumyan, Hrant"]
[Result "0-1"]
[WhiteElo "2710"]
[BlackElo "2391"]
[PlyCount "72"]
[EventDate "2006.12.25"]
[EventType "match (blitz)"]
[EventRounds "6"]
[EventCountry "GER"]
[SourceTitle "EXT 2008"]
[Source "ChessBase"]
[SourceDate "2007.11.25"]
[SourceVersion "1"]
[SourceVersionDate "2007.11.25"]
[SourceQuality "1"]

1. e4 e5 2. Nf3 Nc6 3. Bb5 Nf6 4. O-O Nxe4 5. d4 a6 6. Ba4 b5 7. Bb3 d5 8. dxe5
Be6 9. Nbd2 Be7 10. Qe2 Nc5 11. Rd1 O-O 12. Nf1 Qd7 13. Bf4 Rad8 14. c3 Nxb3
15. axb3 d4 16. Nxd4 Nxd4 17. Rxd4 Qc6 18. Rxd8 Rxd8 19. b4 h6 20. h3 Bc4 21.
Qg4 Kf8 22. Ne3 Be6 23. Qe2 Qe4 24. Bg3 Bg5 25. Qc2 Qxc2 26. Nxc2 Rd2 27. Nd4
Bd5 28. h4 Be3 29. fxe3 Rxg2+ 30. Kf1 Rxg3 31. Rxa6 Rxe3 32. Nxb5 Bc4+ 33. Kf2
Re2+ 34. Kf3 Bxb5 35. Ra5 Bd3 36. Kf4 Re4+ 0-1

[Event "Grischuk-Melkumyan m"]
[Site "Playchess.com INT"]
[Date "2006.12.25"]
[Round "?"]
[White "Grischuk, Alexander"]
[Black "Melkumyan, Hrant"]
[Result "1/2-1/2"]
[WhiteElo "2710"]
[BlackElo "2391"]
[PlyCount "102"]
[EventDate "2006.12.25"]
[EventType "match (blitz)"]
[EventRounds "6"]
[EventCountry "GER"]
[SourceTitle "EXT 2008"]
[Source "ChessBase"]
[SourceDate "2007.11.25"]
[SourceVersion "1"]
[SourceVersionDate "2007.11.25"]
[SourceQuality "1"]

1. d4 Nf6 2. c4 e6 3. Nf3 b6 4. g3 Ba6 5. Qc2 Bb7 6. Bg2 c5 7. d5 exd5 8. cxd5
Bxd5 9. Nc3 Bb7 10. O-O Be7 11. Rd1 Qc8 12. e4 d6 13. Bf4 O-O 14. Bxd6 Bxd6 15.
Rxd6 Nc6 16. Rad1 Re8 17. a3 a6 18. h3 b5 19. Nd5 Nxd5 20. exd5 Ne7 21. Ng5 Ng6
22. Rb6 Rb8 23. d6 Bxg2 24. Rxb8 Qxb8 25. Kxg2 h6 26. d7 Rd8 27. Nxf7 Qb7+ 28.
Kg1 Rxd7 29. Rxd7 Qxd7 30. Nxh6+ Kh7 31. Ng4 Qd6 32. Qe4 Kg8 33. Kg2 c4 34. h4
Nf8 35. h5 a5 36. Qf5 b4 37. axb4 axb4 38. Ne3 c3 39. bxc3 bxc3 40. Qe4 Qc5 41.
g4 Qc8 42. g5 Qe6 43. Qxe6+ Nxe6 44. g6 Nf4+ 45. Kf3 Nxh5 46. Ke4 Kf8 47. Kd3
Nf4+ 48. Kxc3 Nxg6 49. Nf5 Ne7 50. Nxg7 Kxg7 51. f4 Nd5+ 1/2-1/2

[Event "Grischuk-Melkumyan m"]
[Site "Playchess.com INT"]
[Date "2006.12.25"]
[Round "?"]
[White "Grischuk, Alexander"]
[Black "Melkumyan, Hrant"]
[Result "1-0"]
[WhiteElo "2710"]
[BlackElo "2391"]
[PlyCount "57"]
[EventDate "2006.12.25"]
[EventType "match (blitz)"]
[EventRounds "6"]
[EventCountry "GER"]
[SourceTitle "EXT 2008"]
[Source "ChessBase"]
[SourceDate "2007.11.25"]
[SourceVersion "1"]
[SourceVersionDate "2007.11.25"]
[SourceQuality "1"]

1. e4 c5 2. Nf3 e6 3. d4 cxd4 4. Nxd4 Nc6 5. Nc3 Qc7 6. Be3 a6 7. Qd2 Nf6 8.
O-O-O Bb4 9. f3 Ne7 10. a3 Bxc3 11. Qxc3 Qxc3 12. bxc3 d5 13. e5 Nd7 14. f4 b6
15. Nb3 Bb7 16. Bd3 Rc8 17. Kd2 Nc5 18. Nxc5 bxc5 19. Rb1 Rc7 20. Bxc5 Rxc5 21.
Rxb7 Nc6 22. Bxa6 O-O 23. Rc7 f6 24. Bb7 fxe5 25. Rxc6 Rxc6 26. Bxc6 Rxf4 27.
a4 Rf2+ 28. Kc1 e4 29. a5 1-0

[Event "Grischuk-Melkumyan m"]
[Site "Playchess.com INT"]
[Date "2006.12.25"]
[Round "?"]
[White "Melkumyan, Hrant"]
[Black "Grischuk, Alexander"]
[Result "1-0"]
[WhiteElo "2391"]
[BlackElo "2710"]
[PlyCount "41"]
[EventDate "2006.12.25"]
[EventType "match (blitz)"]
[EventRounds "6"]
[EventCountry "GER"]
[SourceTitle "EXT 2008"]
[Source "ChessBase"]
[SourceDate "2007.11.25"]
[SourceVersion "1"]
[SourceVersionDate "2007.11.25"]
[SourceQuality "1"]

1. d4 Nf6 2. c4 c6 3. Nf3 d5 4. Nc3 a6 5. cxd5 cxd5 6. Bf4 Nc6 7. Rc1 Bf5 8.
Ne5 Rc8 9. g4 Bxg4 10. Nxg4 Nxg4 11. e4 Nf6 12. e5 Ng8 13. e6 f5 14. Bg2 Nf6
15. Be5 Nxe5 16. dxe5 Ne4 17. Qa4+ b5 18. Qxa6 Rc5 19. O-O Qc8 20. Qxc8+ Rxc8
21. Nxe4 1-0

[Event "Grischuk-Melkumyan m"]
[Site "Playchess.com INT"]
[Date "2006.12.25"]
[Round "?"]
[White "Melkumyan, Hrant"]
[Black "Grischuk, Alexander"]
[Result "0-1"]
[WhiteElo "2391"]
[BlackElo "2710"]
[PlyCount "98"]
[EventDate "2006.12.25"]
[EventType "match (blitz)"]
[EventRounds "6"]
[EventCountry "GER"]
[SourceTitle "EXT 2008"]
[Source "ChessBase"]
[SourceDate "2007.11.25"]
[SourceVersion "1"]
[SourceVersionDate "2007.11.25"]
[SourceQuality "1"]

1. d4 Nf6 2. c4 e6 3. Nc3 Bb4 4. Nf3 b6 5. Bg5 Bb7 6. Nd2 Qe7 7. Rc1 h6 8. Bh4
c5 9. d5 g5 10. Bg3 exd5 11. Nxd5 Bxd5 12. cxd5 Ne4 13. Rc2 h5 14. f3 Nxd2 15.
Rxd2 Qe3 16. a3 Ba5 17. Bf2 Bxd2+ 18. Qxd2 Qxd2+ 19. Kxd2 d6 20. e4 Nd7 21. h4
g4 22. fxg4 hxg4 23. h5 Ke7 24. Be2 Ne5 25. Be3 Rag8 26. h6 Rh7 27. Rh4 f6 28.
a4 a5 29. b3 Rg6 30. Kc3 g3 31. Kd2 Nf7 32. Bg4 Ng5 33. Bf5 Rgxh6 34. Rg4 Rh4
35. Rxg5 fxg5 36. Bxg5+ Ke8 37. Bg6+ Kd7 38. Bxh7 Rxh7 39. Ke3 Rh1 40. Kf3 Rb1
41. Kxg3 b5 42. Kf4 Rxb3 43. g4 bxa4 44. Bf6 Rb1 45. g5 Rf1+ 46. Kg4 a3 47. e5
dxe5 48. Bxe5 a2 49. g6 a1=Q 0-1

[Event "Grischuk-Melkumyan m"]
[Site "Playchess.com INT"]
[Date "2006.12.25"]
[Round "?"]
[White "Melkumyan, Hrant"]
[Black "Grischuk, Alexander"]
[Result "1/2-1/2"]
[WhiteElo "2391"]
[BlackElo "2710"]
[PlyCount "88"]
[EventDate "2006.12.25"]
[EventType "match (blitz)"]
[EventRounds "6"]
[EventCountry "GER"]
[SourceTitle "EXT 2008"]
[Source "ChessBase"]
[SourceDate "2007.11.25"]
[SourceVersion "1"]
[SourceVersionDate "2007.11.25"]
[SourceQuality "1"]

1. d4 Nf6 2. c3 e6 3. Nf3 c5 4. g3 b6 5. Bg2 Bb7 6. O-O Be7 7. c4 cxd4 8. Qxd4
d6 9. Nc3 a6 10. b3 O-O 11. Bb2 Nbd7 12. Rfd1 Qc7 13. Rac1 Rac8 14. e4 Rfd8 15.
Qe3 Qb8 16. h3 Re8 17. Qf4 Bf8 18. Rd2 b5 19. cxb5 axb5 20. a3 Ba8 21. Rdc2 Nc5
22. Qe3 Nxb3 23. Nd5 exd5 24. Rxc8 Rxc8 25. Rxc8 Qxc8 26. Qxb3 dxe4 27. Ng5 Qc4
28. Qxc4 bxc4 29. Bxf6 gxf6 30. Nxe4 Bxe4 31. Bxe4 c3 32. a4 d5 33. Bc2 Bb4 34.
Kf1 h6 35. Ke2 Kf8 36. Kd3 Ke7 37. Bb3 Kd6 38. f4 Kc5 39. Ba2 Ba5 40. Bb3 d4
41. Bxf7 Bb6 42. Kc2 Kb4 43. Be8 Kc4 44. Bg6 Kb4 1/2-1/2

[Event "Calatrava op rapid 2nd"]
[Site "Calatrava"]
[Date "2007.04.07"]
[Round "4"]
[White "Grischuk, Alexander"]
[Black "Burmakin, Vladimir"]
[Result "1-0"]
[WhiteElo "2717"]
[BlackElo "2568"]
[PlyCount "71"]
[EventDate "2007.04.06"]
[EventType "swiss (rapid)"]
[EventRounds "9"]
[EventCountry "ESP"]
[SourceTitle "CBM 117 Extra"]
[Source "ChessBase"]
[SourceDate "2007.05.09"]
[SourceVersion "1"]
[SourceVersionDate "2007.05.09"]
[SourceQuality "1"]

1. e4 c6 2. d4 d5 3. Nc3 dxe4 4. Nxe4 h6 5. Bc4 Bf5 6. Ng3 Bh7 7. N1e2 e6 8.
O-O Ne7 9. Bb3 Nd7 10. Nf4 Nd5 11. Nfh5 N7f6 12. c4 Nb6 13. Re1 Nxh5 14. Nxh5
Qd7 15. a4 O-O-O 16. a5 Na8 17. a6 Nb6 18. Be3 Bb4 19. Rf1 Be7 20. Qf3 Bg5 21.
Ra5 Bxe3 22. fxe3 Bd3 23. Rfa1 Bxc4 24. axb7+ Kc7 25. Rxa7 Rb8 26. Qf4+ Qd6 27.
Qxf7+ Qd7 28. Qf4+ Qd6 29. Bxc4 Nxc4 30. b3 Nb6 31. Nxg7 Qxf4 32. Nxe6+ Kd6 33.
Nxf4 Rh7 34. e4 Rbxb7 35. R7a6 Kd7 36. Nd3 1-0

[Event "Calatrava op rapid 2nd"]
[Site "Calatrava"]
[Date "2007.04.08"]
[Round "9"]
[White "Sokolov, Ivan"]
[Black "Grischuk, Alexander"]
[Result "1/2-1/2"]
[WhiteElo "2652"]
[BlackElo "2717"]
[PlyCount "238"]
[EventDate "2007.04.06"]
[EventType "swiss (rapid)"]
[EventRounds "9"]
[EventCountry "ESP"]
[SourceTitle "CBM 117 Extra"]
[Source "ChessBase"]
[SourceDate "2007.05.09"]
[SourceVersion "1"]
[SourceVersionDate "2007.05.09"]
[SourceQuality "1"]

1. d4 Nf6 2. c4 e6 3. Nc3 Bb4 4. e3 O-O 5. Bd3 c5 6. a3 Bxc3+ 7. bxc3 Nc6 8.
Ne2 b6 9. e4 Ne8 10. O-O Ba6 11. f4 f5 12. exf5 exf5 13. Ng3 g6 14. dxc5 bxc5
15. Be3 d6 16. Re1 Na5 17. Nf1 Nf6 18. Bf2 Qd7 19. Ne3 Rae8 20. Bh4 Bb7 21. Bf1
Ne4 22. Nd5 Bxd5 23. cxd5 c4 24. Qc2 Qb5 25. Bf2 Qb3 26. Rac1 Qxc2 27. Rxc2
Nxf2 28. Kxf2 Rxe1 29. Kxe1 Rb8 30. Re2 Rb3 31. Re6 Nb7 32. Bxc4 Rxa3 33. Bb5
Kf7 34. Kd1 Rxc3 35. Ba6 Nd8 36. Re2 Rc5 37. Rd2 Ra5 38. Bc8 Rb5 39. Ke2 a5 40.
Bd7 Rb4 41. g3 Nb7 42. Ra2 Nc5 43. Be6+ Nxe6 44. dxe6+ Kxe6 45. Rxa5 Rb2+ 46.
Kf3 Rxh2 47. Ra7 Kd5 48. Rd7 Kc5 49. Ke3 d5 50. Rc7+ Kd6 51. Rg7 Rh1 52. Ra7
Re1+ 53. Kd4 Re4+ 54. Kd3 Re7 55. Ra6+ Kc5 56. Ra5+ Kc6 57. Ra6+ Kb5 58. Ra8
Rb7 59. Rc8 Ra7 60. Rc3 Ra4 61. Ke2 Rc4 62. Rb3+ Kc6 63. Ra3 Re4+ 64. Kd3 Rb4
65. Kc3 Rb1 66. Ra7 Rb7 67. Ra6+ Rb6 68. Ra7 Rb7 69. Ra6+ Kc5 70. Ra5+ Rb5 71.
Ra7 d4+ 72. Kc2 Kc4 73. Rc7+ Kd5 74. Rxh7 Rb6 75. Re7 Re6 76. Rd7+ Ke4 77. Kd2
Ra6 78. Ke2 Ra2+ 79. Kd1 Kd3 80. Kc1 Rg2 81. Ra7 Ke3 82. Re7+ Kf3 83. Rd7 Rxg3
84. Rxd4 Ke3 85. Ra4 Rg4 86. Kd1 Rxf4 87. Ra3+ Ke4 88. Ke2 g5 89. Ra4+ Ke5 90.
Ra5+ Kf6 91. Ra6+ Kf7 92. Rb6 Re4+ 93. Kf2 Re6 94. Rb5 Kf6 95. Rb8 g4 96. Rg8
Ke5 97. Kg3 Re7 98. Ra8 Rd7 99. Ra3 Rd4 100. Ra5+ Rd5 101. Ra3 Kf6 102. Kh4 Rd1
103. Ra6+ Ke5 104. Kg5 g3 105. Ra2 f4 106. Kg4 Ke4 107. Ra4+ Ke3 108. Ra3+ Rd3
109. Ra2 Rd2 110. Ra3+ Kf2 111. Kxf4 g2 112. Rf3+ Ke1 113. Rg3 Kf1 114. Ke3 Rd8
115. Rf3+ Kg1 116. Rg3 Re8+ 117. Kd2 Kh2 118. Rg7 g1=Q 119. Rxg1 Re5 1/2-1/2

[Event "RUS-chT 14th"]
[Site "Sochi"]
[Date "2007.05.07"]
[Round "6"]
[White "Grischuk, Alexander"]
[Black "Timofeev, Artyom"]
[Result "1-0"]
[WhiteElo "2717"]
[BlackElo "2658"]
[PlyCount "65"]
[EventDate "2007.05.02"]
[EventType "team-tourn"]
[EventRounds "9"]
[EventCountry "RUS"]
[SourceTitle "EXT 2020"]
[Source "ChessBase"]
[SourceDate "2019.10.17"]
[SourceVersion "1"]
[SourceVersionDate "2019.10.17"]
[SourceQuality "1"]
[WhiteTeam "Sverdlovsk Ural region"]
[BlackTeam "Kazan Ladya"]
[WhiteTeamCountry "RUS"]
[BlackTeamCountry "RUS"]

1. e4 c5 2. Nf3 d6 3. d4 cxd4 4. Nxd4 Nf6 5. Nc3 Nc6 6. Bg5 e6 7. Qd2 a6 8.
O-O-O Bd7 9. f3 Rc8 10. Kb1 Be7 11. h4 h6 12. Be3 h5 13. Nxc6 Bxc6 14. Ne2 d5
15. e5 Nd7 16. f4 g6 17. Nd4 Nc5 18. Bd3 Qb6 19. Ka1 a5 20. Rc1 Bd7 21. Qe2 Qb4
22. g3 Kf8 23. Rcg1 Ke8 24. Rd1 Ba4 25. Rc1 Nxd3 26. cxd3 Kd7 27. f5 Bc5 28.
fxe6+ fxe6 29. Rhf1 Rhf8 30. Nxe6 Rxf1 31. Qxf1 Bxe3 32. Qf7+ Qe7 33. Nf8+ 1-0